[Event "Kandidatklassen 2012"]
[Site "Helsingor"]
[Date "2012.04.03"]
[Round "1"]
[White "Haubro, Martin"]
[Black "Hartvig, Ove Weiss"]
[Result "1/2-1/2"]
[WhiteElo "2042"]
[BlackElo "2215"]
[PlyCount "46"]
[EventDate "2012.??.??"]
[EventCountry "DEN"]
[SourceDate "2014.05.18"]

1. d4 Nf6 2. c4 c5 3. d5 d6 4. Nc3 g6 5. e4 Bg7 6. Bd3 O-O 7. Nge2 Na6 8. O-O
Nc7 9. f4 a6 10. a4 b6 11. Kh1 Rb8 12. Ng3 Bd7 13. Qe2 Rb7 14. h3 Qb8 15. e5
Nfe8 16. exd6 exd6 17. f5 b5 18. Qe7 Bf6 19. Qxd7 Na8 20. Qc6 Rb6 21. Qd7 Rb7
22. Qc6 Rb6 23. Qd7 Rb7 1/2-1/2

[Event "Kandidatklassen 2012"]
[Site "Helsingor"]
[Date "2012.04.03"]
[Round "1"]
[White "Ochsner, Bjorn Moller"]
[Black "Jepsen, Thomas Tange"]
[Result "1-0"]
[WhiteElo "2266"]
[BlackElo "2093"]
[PlyCount "81"]
[EventDate "2012.??.??"]
[EventCountry "DEN"]
[SourceDate "2014.05.18"]

1. e4 c6 2. d4 d5 3. Nc3 dxe4 4. Nxe4 Nf6 5. Nxf6+ gxf6 6. c3 Bf5 7. Nf3 e6 8.
g3 Bd6 9. Bg2 Nd7 10. Nh4 Bg6 11. O-O f5 12. Re1 f4 13. d5 cxd5 14. Nxg6 hxg6
15. Qxd5 Qb6 16. Qxb7 Qxb7 17. Bxb7 Rb8 18. Bc6 fxg3 19. hxg3 Ke7 20. Bxd7 Kxd7
21. Re2 Rh5 22. Be3 Rbh8 23. Kg2 a6 24. Rd1 Kc6 25. Red2 Rd5 26. Kf3 Rb8 27. b3
Rb7 28. Ke2 Be5 29. c4 Rxd2+ 30. Kxd2 Bb2 31. Kc2 Ba3 32. Rd8 Bb4 33. Kb2 a5
34. a3 Bd6 35. Ra8 Bc7 36. Kc3 Be5+ 37. Kc2 Bc7 38. Kc3 Be5+ 39. Kc2 Bc7 40.
Ra6+ Kd7 41. Bd2 1-0

[Event "Kandidatklassen 2012"]
[Site "Helsingor"]
[Date "2012.04.03"]
[Round "1"]
[White "Hansen, Martin Strandby"]
[Black "Hansen, Mads"]
[Result "0-1"]
[WhiteElo "2125"]
[BlackElo "2273"]
[PlyCount "74"]
[EventDate "2012.??.??"]
[EventCountry "DEN"]
[SourceDate "2014.05.18"]

1. d4 Nf6 2. Nf3 c5 3. c3 e6 4. g3 b6 5. Nbd2 Bb7 6. Bg2 Be7 7. O-O O-O 8. Re1
d5 9. Ne5 a5 10. e3 Na6 11. a4 Qc7 12. f4 Rfe8 13. Rf1 Bd6 14. Bf3 Re7 15. Qe2
Nd7 16. Qg2 f6 17. Nec4 Rae8 18. Nxd6 Qxd6 19. b3 e5 20. fxe5 fxe5 21. Ba3 Nc7
22. Rf2 Qh6 23. Nf1 e4 24. Be2 Ne6 25. Rd1 Nf6 26. Bc1 Rc7 27. Bd2 Bc8 28. Kh1
Ng5 29. Rf4 Bh3 30. Qf2 Qg6 31. Qg1 Nf3 32. Rxf3 exf3 33. Bxf3 Ne4 34. Be1 Rf7
35. Bg2 Qh5 36. Rc1 Ref8 37. g4 Bxg2+ 0-1

[Event "Kandidatklassen 2012"]
[Site "Helsingor"]
[Date "2012.04.03"]
[Round "1"]
[White "Jensen, Bjarke"]
[Black "Grand, Hans Henrik"]
[Result "1-0"]
[WhiteElo "2285"]
[BlackElo "2131"]
[PlyCount "105"]
[EventDate "2012.??.??"]
[EventCountry "DEN"]
[SourceDate "2014.05.18"]

1. e4 d5 2. exd5 Qxd5 3. Nc3 Qd6 4. d4 Nf6 5. Nf3 a6 6. Ne5 Nc6 7. Nxc6 Qxc6 8.
d5 Qd6 9. Qf3 Bg4 10. Qg3 Qxg3 11. hxg3 O-O-O 12. Bc4 b5 13. Bb3 b4 14. Na4
Nxd5 15. Rh4 Bf5 16. a3 e5 17. Bd2 bxa3 18. bxa3 Nb6 19. Nxb6+ cxb6 20. Bxf7
Be7 21. Rh5 g6 22. Rh1 Kb7 23. c4 Be4 24. f3 Bc6 25. a4 e4 26. Bc3 exf3 27.
gxf3 Bxf3 28. Rh3 Bg4 29. Rh1 Bd6 30. Bd5+ Kc7 31. Bxh8 Bxg3+ 32. Kd2 Rxh8 33.
a5 b5 34. Rag1 Bf4+ 35. Kc3 Bf5 36. cxb5 axb5 37. Kb4 h5 38. Kxb5 Bd3+ 39. Ka4
Kd6 40. Bb7 Kc7 41. a6 g5 42. Rh3 Bf5 43. Rc3+ Kb6 44. Rc6+ Ka7 45. Rf6 Bc2+
46. Ka3 Be3 47. Re1 Bc5+ 48. Ka2 Bd3 49. Kb3 Rd8 50. Rf7 Kb6 51. a7 Kxa7 52.
Be4+ Kb8 53. Bxd3 1-0

[Event "Kandidatklassen 2012"]
[Site "Helsingor"]
[Date "2012.04.03"]
[Round "1"]
[White "Andersen, Morten"]
[Black "Christensen, Stefan"]
[Result "1-0"]
[WhiteElo "2135"]
[BlackElo "2286"]
[PlyCount "77"]
[EventDate "2012.??.??"]
[EventCountry "DEN"]
[SourceDate "2014.05.18"]

1. c4 e5 2. g3 c6 3. d4 exd4 4. Qxd4 d5 5. Bg2 Nf6 6. Nf3 Be7 7. O-O O-O 8.
cxd5 cxd5 9. Qd3 Nc6 10. a3 Be6 11. b4 Qd7 12. b5 Na5 13. Ne5 Qc7 14. Bb2 Nc4
15. Nxc4 dxc4 16. Qc2 a6 17. Nc3 Qb6 18. Rab1 axb5 19. Nxb5 Nd5 20. Bd4 Qd8 21.
Rfd1 Qc8 22. Bxd5 Bxd5 23. Bxg7 Rd8 24. Bc3 Qh3 25. e4 Be6 26. Rxd8+ Rxd8 27.
Rd1 Bg4 28. Rxd8+ Bxd8 29. Qd2 Be7 30. Qd4 f6 31. Qxc4+ Be6 32. Qd3 Kf7 33. a4
h5 34. Nc7 Bg4 35. e5 fxe5 36. Qh7+ Kf6 37. Qh8+ Kg6 38. Qg8+ Kf6 39. Nd5+ 1-0

[Event "Kandidatklassen 2012"]
[Site "Helsingor"]
[Date "2012.04.03"]
[Round "1"]
[White "Palm, Nikolaj"]
[Black "Stojanovski, Sandi"]
[Result "1-0"]
[WhiteElo "2287"]
[BlackElo "2174"]
[PlyCount "155"]
[EventDate "2012.??.??"]
[EventCountry "DEN"]
[SourceDate "2014.05.18"]

1. d4 Nf6 2. Nf3 e6 3. e3 b6 4. Bd3 c5 5. O-O Be7 6. b3 O-O 7. Bb2 Bb7 8. Nbd2
d6 9. c4 Nbd7 10. Qe2 Rc8 11. Rad1 Rc7 12. e4 cxd4 13. Nxd4 Ne5 14. Bb1 Ng6 15.
Nb5 Rd7 16. Nxa7 Nxe4 17. Nxe4 Bxe4 18. Qxe4 Rxa7 19. Rd2 Qc7 20. Rfd1 Rb8 21.
a4 Ra5 22. g3 Qb7 23. Qxb7 Rxb7 24. Be4 Rc7 25. Bd4 Ra6 26. Bd3 Rc6 27. Be3 Ne5
28. Be2 Nd7 29. c5 bxc5 30. Bxa6 Rxa6 31. Rc2 h6 32. Kg2 Ne5 33. Bf4 Nd7 34. b4
e5 35. Be3 Rxa4 36. bxc5 Nxc5 37. Bxc5 dxc5 38. Rd7 Bf6 39. Rxc5 Ra8 40. Rcc7
Rf8 41. Kf3 h5 42. Ke4 h4 43. Kf5 hxg3 44. hxg3 Re8 45. Rxf7 e4 46. Kg6 Re6 47.
Kf5 Re5+ 48. Kf4 Re8 49. Ke3 Bg5+ 50. Ke2 Bf6 51. Rb7 Re6 52. Rfc7 Kh7 53. Rc4
Kg6 54. Rb5 Bg5 55. Ra4 Bf6 56. Rd5 Bg5 57. Raa5 Bf6 58. Ke3 Kh6 59. Kf4 Be7
60. Ra4 e3 61. fxe3 Kg6 62. e4 Rf6+ 63. Rf5 Rb6 64. Rfa5 Kf7 65. Ra7 Rb3 66.
Rc4 Ke6 67. Ra6+ Kd7 68. Rd4+ Ke8 69. Rd5 Rb7 70. Kf5 Kf7 71. Rda5 Rb3 72. Kg4
Bf6 73. Rf5 Ke8 74. Ra7 Rb8 75. Rh5 g6 76. Rhh7 Rd8 77. e5 Rd4+ 78. Kh3 1-0

[Event "Kandidatklassen 2012"]
[Site "Helsingor"]
[Date "2012.04.03"]
[Round "1"]
[White "Jorgensen, Michael Brunsgaard"]
[Black "Thuesen, Mogens Henrik"]
[Result "1-0"]
[WhiteElo "2294"]
[BlackElo "2186"]
[PlyCount "73"]
[EventDate "2012.??.??"]
[EventCountry "DEN"]
[SourceDate "2014.05.18"]

1. d4 Nf6 2. c4 c5 3. d5 e5 4. Nc3 d6 5. e4 Be7 6. g3 O-O 7. Bg2 Na6 8. Nge2
Nc7 9. a4 Rb8 10. O-O a6 11. a5 Nd7 12. h3 Ne8 13. Ra3 g6 14. Bh6 Ng7 15. Qd2
Kh8 16. Kh2 b6 17. axb6 Rxb6 18. Na4 Rb4 19. b3 f5 20. Nc1 f4 21. gxf4 exf4 22.
Bxf4 Rxf4 23. Qxf4 Ne5 24. Qe3 g5 25. Nb2 Bf6 26. Nbd3 Rb8 27. f4 Ng6 28. fxg5
Bxg5 29. Qf3 Qe7 30. Ne2 Bb7 31. Qf7 Re8 32. Qxe7 Rxe7 33. e5 Nh5 34. e6 Kg7
35. Bf3 Nf6 36. Ng3 Nh4 37. Bh1 1-0

[Event "Kandidatklassen 2012"]
[Site "Helsingor"]
[Date "2012.04.03"]
[Round "1"]
[White "Christensen, Janus"]
[Black "Matthiesen, Martin"]
[Result "0-1"]
[WhiteElo "2174"]
[BlackElo "2291"]
[PlyCount "72"]
[EventDate "2012.??.??"]
[EventCountry "DEN"]
[SourceDate "2014.05.18"]

1. e4 c5 2. Nf3 d6 3. d4 cxd4 4. Nxd4 Nf6 5. Nc3 a6 6. Bg5 e6 7. Bc4 Be7 8. Qd2
h6 9. Be3 Ng4 10. O-O d5 11. Be2 Nxe3 12. fxe3 dxe4 13. Bh5 O-O 14. Qf2 g6 15.
Be2 e5 16. Nb3 Be6 17. Nxe4 Nd7 18. Rad1 Qc7 19. Nc3 Nf6 20. Qg3 Rad8 21. Nd4
Bc8 22. Nf3 Ng4 23. Rxd8 Rxd8 24. Nh4 Bxh4 25. Qxh4 Nxe3 26. Rf3 Nf5 27. Qe4
Rd4 28. Nd5 Rxe4 29. Nxc7 Rxe2 30. Rd3 Nd4 31. c3 Bf5 32. Rd1 Bc2 33. Rc1 Nf5
34. Nd5 Kg7 35. Kf1 Bd3 36. Nb4 Ne3+ 0-1

[Event "Kandidatklassen 2012"]
[Site "Helsingor"]
[Date "2012.04.03"]
[Round "1"]
[White "Molvig, Henrik"]
[Black "Aabling Thomsen, Jakob"]
[Result "1/2-1/2"]
[WhiteElo "2186"]
[BlackElo "2312"]
[PlyCount "38"]
[EventDate "2012.??.??"]
[EventCountry "DEN"]
[SourceDate "2014.05.18"]

1. d4 Nf6 2. c4 g6 3. Nc3 d5 4. cxd5 Nxd5 5. e4 Nxc3 6. bxc3 Bg7 7. Bc4 c5 8.
Ne2 Nc6 9. Be3 O-O 10. O-O Qc7 11. Rc1 b6 12. Qd2 Bb7 13. Bh6 e5 14. Bxg7 Kxg7
15. f4 Rad8 16. fxe5 Qxe5 17. Bd5 Qe7 18. Nf4 Na5 19. Rce1 Bc8 1/2-1/2

[Event "Kandidatklassen 2012"]
[Site "Helsingor"]
[Date "2012.04.03"]
[Round "1"]
[White "Petersen, Tom Petri"]
[Black "Sorensen, Torben Kyhl"]
[Result "1-0"]
[WhiteElo "2323"]
[BlackElo "2190"]
[PlyCount "91"]
[EventDate "2012.??.??"]
[EventCountry "DEN"]
[SourceDate "2014.05.18"]

1. c4 c6 2. g3 d5 3. Bg2 f5 4. Nf3 e6 5. O-O Nf6 6. d3 Bd6 7. Nc3 O-O 8. e4
Nbd7 9. Re1 dxe4 10. dxe4 Ne5 11. exf5 Nxf3+ 12. Qxf3 exf5 13. Bf4 Bxf4 14.
Qxf4 Qb6 15. Re2 Bd7 16. Rd1 Rae8 17. Rxe8 Rxe8 18. b3 Qa5 19. Qd2 Qe5 20. Bf3
f4 21. gxf4 Qf5 22. Ne2 Qg6+ 23. Ng3 Bh3 24. Bg2 Bg4 25. Re1 Rxe1+ 26. Qxe1 h5
27. h4 Nd7 28. Qe3 Qf6 29. Ne4 Qa1+ 30. Kh2 Qxa2 31. f3 Bf5 32. Nd6 Bg6 33.
Qe6+ Kh7 34. f5 Nf8 35. fxg6+ Nxg6 36. Qf5 Qf2 37. Qxh5+ Kg8 38. Qxg6 Qxh4+ 39.
Bh3 Qf4+ 40. Qg3 Qd2+ 41. Bg2 Qh6+ 42. Kg1 Qc1+ 43. Bf1 Qe3+ 44. Kh1 Qh6+ 45.
Qh2 Qc1 46. Qh3 1-0

[Event "Kandidatklassen 2012"]
[Site "Helsingor"]
[Date "2012.04.03"]
[Round "1"]
[White "Schou Moldt, Thomas"]
[Black "Matthiesen, Arne"]
[Result "0-1"]
[WhiteElo "2190"]
[BlackElo "2333"]
[PlyCount "72"]
[EventDate "2012.??.??"]
[EventCountry "DEN"]
[SourceDate "2014.05.18"]

1. e4 c5 2. Nf3 Nc6 3. Bb5 g6 4. Bxc6 bxc6 5. O-O Bg7 6. Re1 Nh6 7. c3 O-O 8.
h3 d6 9. d4 cxd4 10. cxd4 f6 11. b3 Nf7 12. Be3 Bd7 13. Nbd2 Qa5 14. Rc1 Rfe8
15. Nc4 Qb5 16. Qc2 Rab8 17. Bd2 c5 18. e5 fxe5 19. dxe5 Bc6 20. e6 Nh6 21. Ng5
Nf5 22. Bc3 Nd4 23. Qd1 Rf8 24. Qg4 Ba8 25. Nf7 Qc6 26. f3 Rbe8 27. Ng5 Rf5 28.
h4 Ref8 29. Nd2 Qd5 30. Nde4 Rf4 31. Qh3 Qf5 32. Qxf5 gxf5 33. Nf2 Rxh4 34. g3
Rh5 35. Bxd4 Bxd4 36. f4 Rh1# 0-1

[Event "Kandidatklassen 2012"]
[Site "Helsingor"]
[Date "2012.04.03"]
[Round "1"]
[White "Nilssen, John Arni"]
[Black "Akdag, Dara Sevkan"]
[Result "0-1"]
[WhiteElo "2378"]
[BlackElo "2207"]
[PlyCount "100"]
[EventDate "2012.??.??"]
[EventCountry "DEN"]
[SourceDate "2014.05.18"]

1. d4 Nf6 2. c4 c5 3. d5 e6 4. Nc3 exd5 5. cxd5 d6 6. Nf3 g6 7. Nd2 Bg7 8. e4
O-O 9. Be2 Re8 10. O-O Nbd7 11. Kh1 Nb6 12. a4 a5 13. f4 Bd7 14. Bf3 h5 15. Qb3
Ng4 16. Ne2 Rc8 17. Bxg4 hxg4 18. Ng3 c4 19. Qd1 Qh4 20. Nb1 Kh7 21. Nc3 Rh8
22. Kg1 Na8 23. Be3 Nc7 24. Re1 Na6 25. Nf1 Nb4 26. g3 Qe7 27. Re2 Nd3 28. Qd2
Bxc3 29. bxc3 Qxe4 30. Bd4 Qxd5 31. Ne3 Qc6 32. Bxh8 Rxh8 33. Nc2 Qc5+ 34. Nd4
Bc6 35. Re7 Rf8 36. Qe3 Qd5 37. Nxc6 bxc6 38. Rb1 Kg7 39. Rc7 c5 40. Re7 Qf3
41. Qd2 Qc6 42. Rb5 d5 43. Rbb7 Kg8 44. f5 Qf6 45. fxg6 Qxg6 46. Qe2 Qf5 47.
Rbd7 Qg5 48. Re8 Kg7 49. Rxd5 Qc1+ 50. Kg2 Rxe8 0-1

[Event "Kandidatklassen 2012"]
[Site "Helsingor"]
[Date "2012.04.03"]
[Round "1"]
[White "Olsen, Peter Erik"]
[Black "Mikkelsen, Nikolaj"]
[Result "0-1"]
[WhiteElo "2212"]
[BlackElo "2384"]
[PlyCount "86"]
[EventDate "2012.??.??"]
[EventCountry "DEN"]
[SourceDate "2014.05.18"]

1. d4 Nf6 2. c4 Nc6 3. Nf3 e6 4. a3 d6 5. Nc3 g6 6. e4 Bg7 7. Be2 O-O 8. O-O
Re8 9. h3 e5 10. d5 Nd4 11. Re1 Nxe2+ 12. Qxe2 h6 13. Be3 Nh5 14. c5 dxc5 15.
Bxc5 Nf4 16. Qd1 Bd7 17. Be3 Qf6 18. Bxf4 Qxf4 19. Rc1 Rac8 20. Qd3 Qf6 21. Nd2
Bf8 22. b4 a5 23. Rb1 axb4 24. axb4 Kg7 25. Red1 Ra8 26. Qc4 Bd6 27. Nb3 b6 28.
Ra1 Qe7 29. b5 Qf8 30. Ra6 f5 31. f3 f4 32. Rda1 g5 33. Ra7 Rxa7 34. Rxa7 Rc8
35. Nc1 h5 36. Nd3 Qe7 37. Nf2 g4 38. hxg4 hxg4 39. fxg4 Qh4 40. Qe2 Bc5 41.
Kf1 Qg3 42. Na4 Bxb5 43. Qxb5 Qxf2# 0-1

[Event "Kandidatklassen 2012"]
[Site "Helsingor"]
[Date "2012.04.04"]
[Round "2"]
[White "Thuesen, Mogens Henrik"]
[Black "Hansen, Martin Strandby"]
[Result "1-0"]
[WhiteElo "2186"]
[BlackElo "2125"]
[PlyCount "115"]
[EventDate "2012.??.??"]
[EventCountry "DEN"]
[SourceDate "2014.05.18"]

1. e4 d6 2. d4 Nf6 3. Nc3 Nbd7 4. Nf3 e5 5. Bc4 Be7 6. h3 c6 7. a4 O-O 8. O-O
a5 9. Re1 exd4 10. Qxd4 Nc5 11. Be3 Be6 12. Rad1 Nfd7 13. Bf4 Qb6 14. Bxe6 fxe6
15. Bc1 Qb4 16. b3 Qxd4 17. Nxd4 Bf6 18. Nde2 d5 19. Ba3 Rfe8 20. f4 g6 21. e5
Bg7 22. Nd4 Na6 23. Nf3 Ndc5 24. g3 Rab8 25. Nd4 Bf8 26. Bxc5 Bxc5 27. Kg2 Nb4
28. Re2 Re7 29. Rdd2 Na6 30. Nd1 Bxd4 31. Rxd4 b5 32. axb5 cxb5 33. Ne3 b4 34.
Ng4 Rc7 35. Nf6+ Kg7 36. g4 Rbc8 37. Rdd2 Nc5 38. f5 gxf5 39. gxf5 exf5 40.
Nxd5 Ne4 41. Nxc7 Nxd2 42. Rxd2 Rxc7 43. Kf3 Rc3+ 44. Kf4 Rxh3 45. Kxf5 Kf7 46.
Rd7+ Ke8 47. Ra7 Rc3 48. Rxa5 Rxc2 49. Rb5 Rf2+ 50. Ke6 Kf8 51. Rb8+ Kg7 52.
Rxb4 h5 53. Rd4 Rg2 54. Ke7 Rg3 55. Rb4 h4 56. Rxh4 Rxb3 57. Rg4+ Kh7 58. e6
1-0

[Event "Kandidatklassen 2012"]
[Site "Helsingor"]
[Date "2012.04.04"]
[Round "2"]
[White "Sorensen, Torben Kyhl"]
[Black "Christensen, Janus"]
[Result "0-1"]
[WhiteElo "2190"]
[BlackElo "2174"]
[PlyCount "68"]
[EventDate "2012.??.??"]
[EventCountry "DEN"]
[SourceDate "2014.05.18"]

1. e4 e6 2. d4 d5 3. Nd2 Nf6 4. e5 Nfd7 5. Bd3 c5 6. c3 Nc6 7. Ne2 Qb6 8. Nf3
cxd4 9. cxd4 Be7 10. O-O O-O 11. Nf4 Re8 12. Nxe6 fxe6 13. Ng5 Nf8 14. Nxh7
Qxd4 15. Re1 Nxe5 16. Rxe5 Qxe5 17. g3 Nxh7 18. Bf4 Qf6 19. Bxh7+ Kxh7 20. Qh5+
Kg8 21. Qxe8+ Qf8 22. Qa4 Bc5 23. Re1 Qe7 24. Re5 Bd6 25. Rh5 Qf7 26. Rh4 e5
27. Bg5 Bf5 28. Qd1 Rf8 29. f4 Bc5+ 30. Kf1 d4 31. g4 Qc4+ 32. Kg2 Qc2+ 33.
Qxc2 Bxc2 34. fxe5 Be4+ 0-1

[Event "Kandidatklassen 2012"]
[Site "Helsingor"]
[Date "2012.04.04"]
[Round "2"]
[White "Grand, Hans Henrik"]
[Black "Olsen, Peter Erik"]
[Result "1/2-1/2"]
[WhiteElo "2131"]
[BlackElo "2212"]
[PlyCount "25"]
[EventDate "2012.??.??"]
[EventCountry "DEN"]
[SourceDate "2014.05.18"]

1. c4 c5 2. g3 Nc6 3. Bg2 g6 4. Nc3 Bg7 5. a3 a5 6. d3 e5 7. e4 d6 8. Nge2 Nge7
9. Rb1 O-O 10. O-O Be6 11. Nd5 Rb8 12. Nec3 Qd7 13. Bg5 1/2-1/2

[Event "Kandidatklassen 2012"]
[Site "Helsingor"]
[Date "2012.04.04"]
[Round "2"]
[White "Jepsen, Thomas Tange"]
[Black "Schou Moldt, Thomas"]
[Result "1-0"]
[WhiteElo "2093"]
[BlackElo "2190"]
[PlyCount "81"]
[EventDate "2012.??.??"]
[EventCountry "DEN"]
[SourceDate "2014.05.18"]

1. d4 d6 2. c4 e5 3. d5 g6 4. Nc3 Nd7 5. e4 a5 6. Be3 Bh6 7. Qd2 Bxe3 8. Qxe3
Nc5 9. Bd3 Nf6 10. f3 h5 11. Nge2 Bd7 12. Bc2 Qb8 13. Qg5 Nh7 14. Qh6 Qa7 15.
O-O-O O-O-O 16. Qd2 Rde8 17. Kb1 f5 18. exf5 gxf5 19. Ng3 f4 20. Nxh5 Ref8 21.
h4 Rf7 22. Rdf1 Nf8 23. g4 Rh6 24. Rfg1 Rh8 25. Ne4 Nxe4 26. Bxe4 a4 27. Qb4
Rh6 28. Qd2 Rh8 29. Qb4 Rh6 30. Rc1 Kb8 31. c5 dxc5 32. Rxc5 Be8 33. Rhc1 b6
34. Rxc7 Qxc7 35. Rxc7 Kxc7 36. Qc3+ Kd6 37. Qb4+ Kc7 38. Qc3+ Kd6 39. Qc8 Bd7
40. Qb8+ Ke7 41. Qxe5+ 1-0

[Event "Kandidatklassen 2012"]
[Site "Helsingor"]
[Date "2012.04.04"]
[Round "2"]
[White "Stojanovski, Sandi"]
[Black "Nilssen, John Arni"]
[Result "1-0"]
[WhiteElo "2174"]
[BlackElo "2378"]
[PlyCount "117"]
[EventDate "2012.??.??"]
[EventCountry "DEN"]
[SourceDate "2014.05.18"]

1. d4 Nf6 2. c4 c5 3. d5 e5 4. Nc3 d6 5. e4 g6 6. Bd3 Bg7 7. Nge2 Nh5 8. Be3
Nd7 9. g4 Nf4 10. Nxf4 exf4 11. Bxf4 Ne5 12. Be2 g5 13. Be3 Ng6 14. Qd2 h6 15.
O-O-O Be5 16. h4 Nxh4 17. Rxh4 gxh4 18. f4 Bxc3 19. Qxc3 Rg8 20. f5 Qe7 21. Bf4
f6 22. Bf3 Bd7 23. Rh1 h5 24. gxh5 b6 25. Qe1 O-O-O 26. Qxh4 Rdf8 27. Qe1 a5
28. h6 Be8 29. b3 Kc7 30. a3 Qd7 31. Kc2 Qe7 32. Kd3 Bf7 33. Qc3 Ra8 34. h7 Rh8
35. Rh6 Rad8 36. Ke3 Be8 37. Qxf6 Qxf6 38. Rxf6 Rxh7 39. e5 dxe5 40. Bxe5+ Kb7
41. Kf4 a4 42. d6+ Bc6 43. bxa4 Bxf3 44. Kxf3 Kc6 45. Rg6 Kd7 46. Ke4 Kc6 47.
f6 Re8 48. Rg5 Rh1 49. Kf5 Rf1+ 50. Bf4 Rf8 51. Rg4 Kd7 52. Rg7+ Kd8 53. Ra7
Rxf4+ 54. Kxf4 Rxf6+ 55. Ke5 Rh6 56. Kd5 Kc8 57. Kc6 Kb8 58. Rb7+ Ka8 59. Rxb6
1-0

[Event "Kandidatklassen 2012"]
[Site "Helsingor"]
[Date "2012.04.04"]
[Round "2"]
[White "Christensen, Stefan"]
[Black "Haubro, Martin"]
[Result "1-0"]
[WhiteElo "2286"]
[BlackElo "2042"]
[PlyCount "67"]
[EventDate "2012.??.??"]
[EventCountry "DEN"]
[SourceDate "2014.05.18"]

1. e4 c5 2. c3 Nf6 3. e5 Nd5 4. d4 cxd4 5. Nf3 Nc6 6. Bc4 Nb6 7. Bb3 d5 8. exd6
Qxd6 9. O-O Be6 10. Bxe6 Qxe6 11. Nxd4 Nxd4 12. Qxd4 Rd8 13. Qh4 Qe2 14. Bd2 e6
15. Re1 Qb5 16. b3 Be7 17. Qg4 Bf6 18. c4 Qc5 19. Bc3 Bxc3 20. Nxc3 O-O 21. Ne4
Qe7 22. Qg3 e5 23. c5 Nc8 24. Rac1 f5 25. Ng5 Rd5 26. Qh4 h6 27. Qc4 Rfd8 28.
Rcd1 Qd7 29. Rxe5 Ne7 30. Rdxd5 Nxd5 31. Ne6 Re8 32. Qxd5 Qxd5 33. Rxd5 Rxe6
34. Kf1 1-0

[Event "Kandidatklassen 2012"]
[Site "Helsingor"]
[Date "2012.04.04"]
[Round "2"]
[White "Hartvig, Ove Weiss"]
[Black "Molvig, Henrik"]
[Result "0-1"]
[WhiteElo "2215"]
[BlackElo "2186"]
[PlyCount "74"]
[EventDate "2012.??.??"]
[EventCountry "DEN"]
[SourceDate "2014.05.18"]

1. g3 g6 2. Bg2 Bg7 3. c4 Nf6 4. Nc3 O-O 5. e4 d6 6. Nge2 c5 7. d3 Nc6 8. O-O
Ne8 9. Be3 Nc7 10. d4 cxd4 11. Nxd4 Nxd4 12. Bxd4 Bxd4 13. Qxd4 Ne6 14. Qe3 Bd7
15. b3 Bc6 16. Rfd1 Qa5 17. Nd5 Rfe8 18. e5 dxe5 19. Qxe5 Qa3 20. Bh3 Bxd5 21.
Rxd5 Nf8 22. Ra5 Qd6 23. Qxd6 exd6 24. Rd1 b6 25. Ra6 Re7 26. Rxd6 Rae8 27. Bg4
Kg7 28. Kg2 Rc7 29. Bf3 Ne6 30. Ra3 Ng5 31. Bd5 Re2 32. Rc6 Rxc6 33. Bxc6 a5
34. c5 Rc2 35. cxb6 Rxc6 36. Rxa5 Rxb6 37. Rxg5 f5 0-1

[Event "Kandidatklassen 2012"]
[Site "Helsingor"]
[Date "2012.04.04"]
[Round "2"]
[White "Aabling Thomsen, Jakob"]
[Black "Andersen, Morten"]
[Result "1/2-1/2"]
[WhiteElo "2312"]
[BlackElo "2135"]
[PlyCount "84"]
[EventDate "2012.??.??"]
[EventCountry "DEN"]
[SourceDate "2014.05.18"]

1. c4 c5 2. g3 Nc6 3. Bg2 g6 4. Nc3 Bg7 5. e4 a6 6. Nge2 b5 7. d3 Rb8 8. O-O d6
9. Rb1 Bd7 10. h3 b4 11. Nd5 e6 12. Ne3 Nge7 13. f4 Nd4 14. g4 f5 15. gxf5 exf5
16. Nd5 O-O 17. Be3 Nec6 18. Kh2 b3 19. a3 Nxe2 20. Qxe2 Re8 21. Qf2 Kh8 22.
Bd2 Nd4 23. Bc3 Bc6 24. Rbe1 Bxd5 25. cxd5 Qd7 26. h4 Nc2 27. Bxg7+ Qxg7 28.
Rb1 Qd4 29. Qxd4+ cxd4 30. Bf3 Rbc8 31. Rfc1 a5 32. Kg3 a4 33. h5 Kg7 34. Kf2
Kf6 35. hxg6 hxg6 36. Rh1 Rh8 37. Kg3 Ne3 38. Rxh8 Rxh8 39. Rc1 Nc2 40. Bg2 Rc8
41. Bf3 Rh8 42. Bg2 Rh6 1/2-1/2

[Event "Kandidatklassen 2012"]
[Site "Helsingor"]
[Date "2012.04.04"]
[Round "2"]
[White "Matthiesen, Martin"]
[Black "Ochsner, Bjorn Moller"]
[Result "1/2-1/2"]
[WhiteElo "2291"]
[BlackElo "2266"]
[PlyCount "78"]
[EventDate "2012.??.??"]
[EventCountry "DEN"]
[SourceDate "2014.05.18"]

1. c4 g6 2. g3 c5 3. Bg2 Bg7 4. Nc3 Nc6 5. Nf3 e6 6. a3 Nge7 7. O-O O-O 8. d3
d6 9. Bd2 h6 10. Rb1 Rb8 11. b4 b6 12. b5 Nd4 13. Ne1 Kh7 14. e3 Ndf5 15. e4
Nd4 16. Nf3 Nxf3+ 17. Qxf3 Bb7 18. Qe2 Qd7 19. Rbe1 Rbe8 20. Qd1 f5 21. a4 d5
22. exd5 exd5 23. Qf3 Ba8 24. Nxd5 Nxd5 25. cxd5 Rd8 26. Bf4 Qf7 27. Be5 Bxd5
28. Qe3 Rfe8 29. f4 Bxg2 30. Kxg2 Qd5+ 31. Rf3 g5 32. Kf1 g4 33. Rf2 Qxd3+ 34.
Qxd3 Rxd3 35. Rfe2 Rd7 36. Bxg7 Rxe2 37. Rxe2 Kxg7 38. Re6 h5 39. Rc6 Re7
1/2-1/2

[Event "Kandidatklassen 2012"]
[Site "Helsingor"]
[Date "2012.04.04"]
[Round "2"]
[White "Akdag, Dara Sevkan"]
[Black "Jorgensen, Michael Brunsgaard"]
[Result "1-0"]
[WhiteElo "2207"]
[BlackElo "2294"]
[PlyCount "91"]
[EventDate "2012.??.??"]
[EventCountry "DEN"]
[SourceDate "2014.05.18"]

1. d4 f5 2. g3 Nf6 3. Bg2 g6 4. b4 Bg7 5. Bb2 d6 6. Nf3 O-O 7. O-O Qe8 8. c4
Nc6 9. a3 e5 10. b5 Nd8 11. dxe5 Ng4 12. Nc3 Nxe5 13. Qb3 Kh8 14. Nd5 Ne6 15.
Nd4 Qf7 16. Rad1 Nxd4 17. Bxd4 Be6 18. Qc3 c6 19. bxc6 bxc6 20. f4 c5 21. Bxe5
dxe5 22. fxe5 Rae8 23. e4 Bxd5 24. cxd5 Bxe5 25. Qxc5 Rc8 26. Qb5 Qg7 27. exf5
gxf5 28. d6 f4 29. d7 Rcd8 30. Kh1 Rg8 31. Qd5 fxg3 32. Rf7 Qg5 33. h3 Bf6 34.
Qe6 Bg7 35. Rdf1 Qc5 36. Re7 Qb6 37. Qf7 Qg6 38. Qxg6 hxg6 39. Bc6 Bf8 40. Re8
Bc5 41. Rfe1 Bb6 42. R1e7 Rf8 43. Kg2 Bc7 44. Rf7 Rg8 45. Ree7 Rb8 46. Rh7# 1-0

[Event "Kandidatklassen 2012"]
[Site "Helsingor"]
[Date "2012.04.04"]
[Round "2"]
[White "Hansen, Mads"]
[Black "Petersen, Tom Petri"]
[Result "1/2-1/2"]
[WhiteElo "2273"]
[BlackElo "2323"]
[PlyCount "91"]
[EventDate "2012.??.??"]
[EventCountry "DEN"]
[SourceDate "2014.05.18"]

1. e4 g6 2. d4 Bg7 3. Nf3 d6 4. Bc4 Nf6 5. Qe2 c6 6. Bb3 O-O 7. O-O Na6 8. Nbd2
Nd7 9. c3 Qc7 10. Nc4 e5 11. Bg5 b5 12. Ne3 h6 13. Bh4 Nf6 14. a4 b4 15. Bc4
Qa5 16. Bd3 bxc3 17. bxc3 exd4 18. cxd4 Nb4 19. Qd2 Be6 20. Bg3 Rfd8 21. Rab1
c5 22. d5 Bg4 23. Nc4 Qa6 24. Rfe1 Bxf3 25. gxf3 Nxd3 26. Qxd3 Nh5 27. Qc2 Nxg3
28. hxg3 Rab8 29. f4 Rb4 30. Rxb4 cxb4 31. Qb3 Rc8 32. Ne3 Qb6 33. e5 Rc3 34.
Qb1 dxe5 35. fxe5 Bxe5 36. a5 Qc5 37. Qe4 Bf6 38. d6 b3 39. Nd5 Rxg3+ 40. Kf1
Qb5+ 41. Re2 Rd3 42. Nxf6+ Kg7 43. Ne8+ Kg8 44. Nf6+ Kg7 45. Ne8+ Kg8 46. Nf6+
1/2-1/2